000 00938cam a22002778a 4500
001 4441974
005 20040830211955.0
008 810108s1981 nyu b 000 0 eng
010 _a81000288
020 _a0824500369
035 _a(NNC)4441974
040 _aDLC
_cDLC
_dNNUT
_dCStRLIN
041 1 _aeng
_hger
050 0 _aBR123
_b.M48 1981
100 1 _aMetz, Johannes Baptist,
_d1928-
245 1 4 _aThe emergent church :
_bthe future of Christianity in a postbourgeois world /
_cJohann Baptist Metz ; translated by Peter Mann.
260 _aNew York :
_bCrossroad,
_c1981.
263 _a8105
300 _aix, 127 p. ;
_c22 cm.
500 _aTranslation of Jenseits bürgerlicher Religion.
504 _aIncludes bibliographies.
650 0 _aChristianity
_y20th century.
942 _2lcc
_cBK
999 _c26041
_d26041